Locations and their "New" counterparts - Statistics

General Stats
  • This quiz has been taken 17 times
  • The average score is 7 of 8
Answer Stats
Hint Answer % Correct
African country with capital city Conakry. "Papua" country. Guinea
100%
Largest of the Channel Islands. State where The Sopranos is set. Jersey
100%
Country with the most Spanish speakers. State where a UFO allegedly crashed at Roswell. Mexico
100%
Walled northern English city, known as "Jorvik" to vikings. "The Big Apple" York
100%
One 'country' within the U.K. A collection of northeastern states. England
94%
Defended by Joan of Arc. "The Big Easy" Orleans
88%
Island on which Copenhagen lies. Aotearoa. Zealand
76%
County in the above home to Winchester and Southampton. State in the above. Hampshire
71%
No matching quizzes found
Score Distribution
Percent of People with Each Score
Percentile by Number Answered
Your Score History
You have not taken this quiz